000 00397nam a2200145Ia 4500
003 GCL
008 140319s9999 xx 000 0 eng d
040 _aGCL /
_cGCL
082 0 4 _a158.2
_bA L
245 1 0 _aLOOKING OUT LOOKING IN : INTERPERSONAL COMMUNICATION, 6th ed.
260 _a[S.N] :
_bMACMILLAN PUBLISHING COMPANY ،
_c1990
300 _a41 P
650 0 4 _aCOMMUNICATION
942 _2ddc
_cBK
999 _c18826
_d18826